| 000 | 00676cam a22002054a 4500 | ||
|---|---|---|---|
| 020 | _a041527625X | ||
| 020 | _a0415276268 (pbk.) | ||
| 040 | _cDLC | ||
| 082 | 0 | 0 | _a174 EID 2003 A002 Or. |
| 245 | 0 | 2 |
_aA moral critique of development : _bin search of global responsibilities / |
| 260 |
_a[Mirano, Venice] : _bEIDOS ; _aLondon ; _aNew York : _bRoutledge, _c2003. |
||
| 300 |
_axiii, 309 p. ; _c24 cm. |
||
| 650 | 0 | _aEconomic development | |
| 650 | 0 | _aEconomic development projects | |
| 650 | 0 | _aGlobalization | |
| 700 | 1 | _aQuarles van Ufford, Ph. | |
| 700 | 1 | _aGiri, Ananta Kumar. | |
| 856 | 4 | 2 | _uhttp://www.loc.gov/catdir/enhancements/fy0650/2002036927-d.html |
| 942 | _cEK | ||
| 999 |
_c15642 _d15642 |
||